<?xml version="1.0" encoding="UTF-8"?>
<record
    xmlns:xsi="http://www.w3.org/2001/XMLSchema-instance"
    xsi:schemaLocation="http://www.loc.gov/MARC21/slim http://www.loc.gov/standards/marcxml/schema/MARC21slim.xsd"
    xmlns="http://www.loc.gov/MARC21/slim">

  <leader>03919nab a22007097  4500</leader>
  <controlfield tag="003">AR-RoUNA</controlfield>
  <datafield tag="022" ind1=" " ind2=" ">
    <subfield code="a">0327-9022</subfield>
  </datafield>
  <datafield tag="040" ind1=" " ind2=" ">
    <subfield code="a">AR-RoUNA</subfield>
    <subfield code="b">spa</subfield>
  </datafield>
  <datafield tag="041" ind1=" " ind2=" ">
    <subfield code="a">spa</subfield>
  </datafield>
  <datafield tag="044" ind1=" " ind2=" ">
    <subfield code="a">ag</subfield>
  </datafield>
  <datafield tag="245" ind1=" " ind2=" ">
    <subfield code="a">Summa+ / </subfield>
    <subfield code="b">Museo Memorial</subfield>
  </datafield>
  <datafield tag="260" ind1=" " ind2=" ">
    <subfield code="a">Buenos Aires ,</subfield>
    <subfield code="c">1993</subfield>
  </datafield>
  <datafield tag="300" ind1=" " ind2=" ">
    <subfield code="a">128 p. :</subfield>
    <subfield code="b">il. byn.</subfield>
    <subfield code="b">planos</subfield>
    <subfield code="c">34 X25 cm.</subfield>
  </datafield>
  <datafield tag="505" ind1="0" ind2=" ">
    <subfield code="t">INDICE</subfield>
  </datafield>
  <datafield tag="505" ind1="0" ind2=" ">
    <subfield code="t">MUSEO MEMORIAL - CHILE - SITIO PARA LA MEMORIA</subfield>
  </datafield>
  <datafield tag="505" ind1="0" ind2=" ">
    <subfield code="a">Estudio Am&#xE9;rica / Museo de la memoria y los derechos humanos, Santiago, Chile, 2008. p. 4</subfield>
  </datafield>
  <datafield tag="505" ind1="0" ind2=" ">
    <subfield code="t">EDIFICIOS MUNICIPALES - Brasil - GRANDES LUCES</subfield>
  </datafield>
  <datafield tag="505" ind1="0" ind2=" ">
    <subfield code="a">Paulo Mendes Da Rocha Arq. / Escuela Parque de Arte y Ciencia, San Pablo, Brasil, 2007. p. 14</subfield>
  </datafield>
  <datafield tag="505" ind1="0" ind2=" ">
    <subfield code="t">EDIFICIOS MUNICIPALES - Argentina - DESDE EL LLANO</subfield>
  </datafield>
  <datafield tag="505" ind1="0" ind2=" ">
    <subfield code="a">Pelli Clarke Pelli / Centro Municipal del Distrito Sudoeste, Rosario, 2009. p. 24</subfield>
  </datafield>
  <datafield tag="505" ind1="0" ind2=" ">
    <subfield code="t">EDIFICIO MUNICIPALES - Portugal - RESGUARDO INTERIOR</subfield>
  </datafield>
  <datafield tag="505" ind1="0" ind2=" ">
    <subfield code="a">Jo&#xE2;o Lucas Dias / Biblioteca Municipal en S&#xE2;o Domingos de Rana, Cascais, 2007. p. 32</subfield>
  </datafield>
  <datafield tag="505" ind1="0" ind2=" ">
    <subfield code="a">Ana Carolina Pellegrini / Bolo&#xF1;a, Barcelona y Firminy: cuando el proyecto es patrimonio. p. 38</subfield>
  </datafield>
  <datafield tag="505" ind1="0" ind2=" ">
    <subfield code="a">* Iglesia de Saint-Pierre, concluida en 2006
* Pabell&#xF3;n del Esp&#xED;rit Nouveau,  Le Corbusier en 1925, reconstruido 1975 y 1977
* Pabell&#xF3;n Alem&#xE1;n de Barcelona, Mies van der Rohe en 1979, reconstruido 1981 y 1986</subfield>
  </datafield>
  <datafield tag="505" ind1="0" ind2=" ">
    <subfield code="t">EDIFICIO MUNICIPALES - Chile - RENOVACI&#xD3;N SIMB&#xD3;LICA</subfield>
  </datafield>
  <datafield tag="505" ind1="0" ind2=" ">
    <subfield code="a">Emilio Marin + Mur&#xFA;a - Valenzuela / Biblioteca P&#xFA;blica de Licant&#xE9;n, 2009. p. 52</subfield>
  </datafield>
  <datafield tag="505" ind1="0" ind2=" ">
    <subfield code="t">EDIFICIO MUNICIPALES - Brasil - CUBIERTA COMUNITARIA</subfield>
  </datafield>
  <datafield tag="505" ind1="0" ind2=" ">
    <subfield code="a">Silvio Todeschi, Fl&#xE1;vio Agostini y Alexandre Campos / Centro Comunitario Parque Da Terceira &#xC1;gua (H30), Minas Gerais, 2009. p. 58</subfield>
  </datafield>
  <datafield tag="505" ind1="0" ind2=" ">
    <subfield code="t">EDIFICIOS MUNICIPALES - M&#xE9;xico - CONSTRUIR SOBRE CENIZAS</subfield>
  </datafield>
  <datafield tag="505" ind1="0" ind2=" ">
    <subfield code="a">AT103 + BGP / Estaci&#xF3;n Ave F&#xE9;nix. Distrito Federal, 2006. p. 62</subfield>
  </datafield>
  <datafield tag="505" ind1="0" ind2=" ">
    <subfield code="t">EDIFICIOS MUNICIPALES - Chile - ROJO FUEGO</subfield>
  </datafield>
  <datafield tag="505" ind1="0" ind2=" ">
    <subfield code="a">Gonzalo Nardones Viviani / 18&#xAA; Compa&#xF1;ia de Bomberos Vitacuba, Santiago de Chile, 2007. p. 68</subfield>
  </datafield>
  <datafield tag="505" ind1="0" ind2=" ">
    <subfield code="t">TEATRO COL&#xD3;N</subfield>
  </datafield>
  <datafield tag="505" ind1="0" ind2=" ">
    <subfield code="a">Rita Molinos y Mar&#xED;a Fernanda Sosa / V&#xED;ctor Meano: el nuevo Teatro Col&#xF3;n y los principales Teatros del mundo. p. 72</subfield>
  </datafield>
  <datafield tag="505" ind1="0" ind2=" ">
    <subfield code="t">PR&#xC1;CTICAS EMERGENTES - SANTA FE</subfield>
  </datafield>
  <datafield tag="505" ind1="0" ind2=" ">
    <subfield code="a">Ricardo Sargiotti / E&#xF1; ejercicio del di&#xE1;logo. p. 84</subfield>
  </datafield>
  <datafield tag="505" ind1="0" ind2=" ">
    <subfield code="a">Casa en Colastin&#xE9; / Colastin&#xE9;, Santa Fe, 2010. p. 88</subfield>
  </datafield>
  <datafield tag="505" ind1="0" ind2=" ">
    <subfield code="a">Casa Mayol / Santa Fe, 2003. p. 91</subfield>
  </datafield>
  <datafield tag="505" ind1="0" ind2=" ">
    <subfield code="a">Eladio 6 / Santa Fe, 2002. p. 93</subfield>
  </datafield>
  <datafield tag="505" ind1="0" ind2=" ">
    <subfield code="a">Eladio 7 / Santa Fe, 2004. p. 94</subfield>
  </datafield>
  <datafield tag="505" ind1="0" ind2=" ">
    <subfield code="a">Eladio 8 / Santa Fe, 2006. p. 95</subfield>
  </datafield>
  <datafield tag="505" ind1="0" ind2=" ">
    <subfield code="a">Eladio 9 / Santa Fe, 2008. p. 96</subfield>
  </datafield>
  <datafield tag="505" ind1="0" ind2=" ">
    <subfield code="a">Eladio 11 / Santa Fe, 2009. p. 97</subfield>
  </datafield>
  <datafield tag="505" ind1="0" ind2=" ">
    <subfield code="a">Condominio La Rambla / Santa Fe, 2010. p. 98</subfield>
  </datafield>
  <datafield tag="505" ind1="0" ind2=" ">
    <subfield code="t">INTERIORES - CASA FOA</subfield>
  </datafield>
  <datafield tag="505" ind1="0" ind2=" ">
    <subfield code="a">Luis O&#xB4;Grady y Carolina Coeti / Casa Foa celebra la historia. p. 102</subfield>
  </datafield>
  <datafield tag="505" ind1="0" ind2=" ">
    <subfield code="a">* Arturo Peruzzotti / Fachada sobre calle Defensa. p. 103</subfield>
  </datafield>
  <datafield tag="505" ind1="0" ind2=" ">
    <subfield code="a">Gabriel del Campo / Anticuario. p. 103</subfield>
  </datafield>
  <datafield tag="505" ind1="0" ind2=" ">
    <subfield code="a">Mart&#xED;n Di Peco / &#xBF;En qu&#xE9; se parecen un modisto y un arquitecto?: sobre la muestra &#xA8;en el centro de arquitectura de &#xC1;msterdam. p. 114</subfield>
  </datafield>
  <datafield tag="505" ind1="0" ind2=" ">
    <subfield code="a">Carolina Goeti / Espacios de intimidad y supervivencia. p. 116</subfield>
  </datafield>
  <datafield tag="505" ind1="0" ind2=" ">
    <subfield code="a">Ignacio Ros de Olano / Machu Pucchu en papel. p. 119</subfield>
  </datafield>
  <datafield tag="505" ind1="0" ind2=" ">
    <subfield code="a">Rafael E.J. Iglesia y Sandra Rua / Cine y Ciudad, testimonios y casos. p. 120</subfield>
  </datafield>
  <datafield tag="505" ind1="0" ind2=" ">
    <subfield code="a">Roberto Fern&#xE1;ndez / El Burgu&#xE9;s Inc&#xF3;modo: Tessenow en el lugar y tiempo equivocados. p. 122</subfield>
  </datafield>
  <datafield tag="505" ind1="0" ind2=" ">
    <subfield code="a">Mario Sabugo / Chateubriand. p. 127</subfield>
  </datafield>
  <datafield tag="505" ind1="0" ind2=" ">
    <subfield code="a">Fernando Diez / Adi&#xF3;s al bar el Taller. p. 128</subfield>
  </datafield>
  <datafield tag="650" ind1=" " ind2=" ">
    <subfield code="a">Arquitectura contempor&#xE1;nea</subfield>
  </datafield>
  <datafield tag="773" ind1="0" ind2=" ">
    <subfield code="a">Summa+</subfield>
    <subfield code="d">Buenos Aires, Argentina</subfield>
    <subfield code="g">N&#xBA;111 (nov-2010), p. 128</subfield>
    <subfield code="x">0327-9022</subfield>
  </datafield>
  <datafield tag="908" ind1=" " ind2=" ">
    <subfield code="a">Imp</subfield>
  </datafield>
  <datafield tag="942" ind1=" " ind2=" ">
    <subfield code="2">udc</subfield>
    <subfield code="c">ART</subfield>
  </datafield>
  <datafield tag="945" ind1=" " ind2=" ">
    <subfield code="a">MBP</subfield>
    <subfield code="d">2022-07-08</subfield>
  </datafield>
  <datafield tag="980" ind1=" " ind2=" ">
    <subfield code="8">138</subfield>
    <subfield code="g">Carolina Rainero</subfield>
    <subfield code="6">138</subfield>
    <subfield code="a">Carolina Rainero</subfield>
  </datafield>
  <datafield tag="999" ind1=" " ind2=" ">
    <subfield code="c">12209</subfield>
    <subfield code="d">12209</subfield>
  </datafield>
  <datafield tag="952" ind1=" " ind2=" ">
    <subfield code="0">0</subfield>
    <subfield code="1">0</subfield>
    <subfield code="2">udc</subfield>
    <subfield code="4">0</subfield>
    <subfield code="7">0</subfield>
    <subfield code="a">AR-RoUNA</subfield>
    <subfield code="b">AR-RoUNA</subfield>
    <subfield code="d">2025-11-04</subfield>
    <subfield code="e">Sub</subfield>
    <subfield code="l">1</subfield>
    <subfield code="p">1002833</subfield>
    <subfield code="r">2026-05-27</subfield>
    <subfield code="s">2026-05-27</subfield>
    <subfield code="t">ej. 1</subfield>
    <subfield code="w">2025-11-04</subfield>
    <subfield code="y">ART</subfield>
    <subfield code="k">K6</subfield>
    <subfield code="x"></subfield>
  </datafield>
</record>
